Culture Générale - Série 137 - Statistiques

Statistiques générales
  • Ce quiz a été pris 341 fois
  • Le résultat moyen est 6 sur 10
Statistiques - réponses
Question Réponse % Correct
S'il n'en a pas perdu, combien un adulte a-t-il de canines ? 4
97%
Dans quel fleuve français l'Isère se jette-t-elle ? Rhône
90%
Quelle unité de mesure correspond à 100 mètres carrés ? Are
75%
Quelle était la chanson fétiche des Bleus victorieux au Mondial 1998 ? I Will Survive
65%
A quel trio doit-on le tube "Dragostea Din Teï" en 2004 ? O-Zone
55%
Dans quelle ville habitent les Bisontins ? Besançon
50%
Qui est le saint patron des boulangers ? Saint Honoré
42%
Quel "Musclé" chantait le générique de "Bioman" en 1987 ? Bernard Minet
38%
En 2005, qui joue l'époux de Valérie Lemercier dans "Palais Royal !" ? Lambert Wilson
38%
Avec qui Raphael a-t-il chanté "Sur la route" ? Jean-Louis Aubert
15%
Aucun quiz correspondant
Distribution des résultats
% des personnes avec chaque résultat
Percentile par nombre de réponses
Votre historique - résultats
Vous n’avez pas pris ce quiz